<?xml version="1.0" encoding="UTF-8"?>
<marc:record xmlns:marc="http://www.loc.gov/MARC21/slim">
   <marc:leader>00000nam a2200000 a 4500</marc:leader>
   <marc:datafield ind1="1" ind2=" " tag="100">
      <marc:subfield code="a">Poznanski, Ursula</marc:subfield>
      <marc:subfield code="4">aut</marc:subfield>
      <marc:subfield code="e">Verfasser/-in</marc:subfield>
   </marc:datafield>
   <marc:datafield ind1="1" ind2=" " tag="100">
      <marc:subfield code="a">Strobel, Arno</marc:subfield>
      <marc:subfield code="4">aut</marc:subfield>
      <marc:subfield code="e">Verfasser/-in</marc:subfield>
   </marc:datafield>
   <marc:datafield ind1=" " ind2=" " tag="653">
      <marc:subfield code="a">Mord</marc:subfield>
   </marc:datafield>
   <marc:datafield ind1=" " ind2=" " tag="653">
      <marc:subfield code="a">Hamburg</marc:subfield>
   </marc:datafield>
   <marc:datafield ind1=" " ind2=" " tag="653">
      <marc:subfield code="a">Wut</marc:subfield>
   </marc:datafield>
   <marc:datafield ind1="0" ind2="0" tag="245">
      <marc:subfield code="a">Invisible</marc:subfield>
   </marc:datafield>
   <marc:datafield ind1="0" ind2="0" tag="245">
      <marc:subfield code="b">Thriller</marc:subfield>
   </marc:datafield>
   <marc:datafield ind1="0" ind2="0" tag="245">
      <marc:subfield code="c">Ursula Poznanski &amp; Arno Strobel</marc:subfield>
   </marc:datafield>
   <marc:datafield ind1=" " ind2="1" tag="264">
      <marc:subfield code="a">Reinbek</marc:subfield>
      <marc:subfield code="b">Wunderlich</marc:subfield>
      <marc:subfield code="c">2018</marc:subfield>
   </marc:datafield>
   <marc:datafield ind1=" " ind2=" " tag="250">
      <marc:subfield code="a">Orig.-Ausg.</marc:subfield>
   </marc:datafield>
   <marc:datafield ind1="1" ind2=" " tag="520">
      <marc:subfield code="a">Eine Mordserie bringt die Polizei an die Grenzen ihrer Belastbarkeit. (DR) Nina Salomon und Daniel Buchholz von der Hamburger Mordkommission denken zunächst, dass sie einen einfachen Fall übernommen haben: Der Täter ist geständig, es gibt jede Menge Zeugen und Indizienbeweise. Doch dann geschieht der nächste Mord und der nächste. Immer ist der Täter leicht zu überführen und gibt als Grund an, dass der Tod verdient war, weil das Opfer hassenswert war - obwohl man es nicht kannte. Die Kommissare merken, dass das ihr vielleicht schrecklichster Fall wird, da die Tatwaffe manipulierte Menschen sind und es jeden zufällig treffen kann. Die Geschichte schließt nahtlos an "Anonym" an, dem vorigen Projekt des Autorenteams. Es wird abermals abwechselnd aus der Perspektive von Nina Salomon und Daniel Buchholz erzählt, geschrieben von jeweils einem Autor, einer Autorin. Die Charaktere werden (leider) nicht weiterentwickelt, aber diesmal bekommen Nina und Daniel in ihrem Privatleben gleichermaßen Unangenehmes zu bewältigen (und es gibt einen Cliffhanger für den nächsten Roman). Die Handlung ist wieder abwechslungsreich, der Thriller ist spannend geschrieben, der Täter nur schwer zu identifizieren, die Fangemeinde Poznanskis wird sicher begeistert sein. Unterhaltung pur!</marc:subfield>
   </marc:datafield>
   <marc:datafield ind1=" " ind2=" " tag="020">
      <marc:subfield code="a">9783805200158</marc:subfield>
      <marc:subfield code="9">9783805200158</marc:subfield>
   </marc:datafield>
   <marc:datafield ind1=" " ind2=" " tag="020">
      <marc:subfield code="a">3805200153</marc:subfield>
      <marc:subfield code="9">3805200153</marc:subfield>
   </marc:datafield>
   <marc:datafield ind1=" " ind2=" " tag="300">
      <marc:subfield code="a">365 S.</marc:subfield>
   </marc:datafield>
</marc:record>
